Statistics for Guess The Singer #5

Click here to take the quiz!

General Stats

  • This quiz has been taken 30 times
  • The average score is 7 of 20

Answer Stats

HintAnswer% Correct
Man In The MirrorMichael Jackson
100%
Your SongElton John
74%
Symphony No. 5Ludwig van Beethoven
74%
Johnny B. GoodeChuck Berry
70%
Eine Kleine NachtmusikWolfgang Amadeus Mozart
67%
Wake Me UpAvicii
48%
Bad HabitsEd Sheeran
44%
Heart-Shaped BoxNirvana
44%
Thank You For The MusicABBA
37%
When We Were YoungAdele
26%
Don't Let Me DownBeatles
26%
One More TimeDaft Punk
26%
Nocturnes, Op. 9Frédéric Chopin
22%
Listen To What The Man SaidPaul McCartney
15%
Love Of My LifeQueen
11%
Greatest DayTake That
11%
Symphony No. 94Joseph Haydn
7%
Cure For MeAURORA
0%
UnderstandBoyWithUke
0%
Some Chordsdeadmau5
0%

Score Distribution

Percentile by Number Answered

Percent of People with Each Score

Your Score History

You have not taken this quiz